[Event "Chennai WinTV op 1st"]
[Site "Chennai"]
[Date "2004.01.30"]
[Round "11"]
[White "Kesavananda, Krishna Chitrada"]
[Black "Ram, Mohan Reddy V"]
[Result "1/2-1/2"]
[WhiteElo "2196"]
[BlackElo "2000"]
[PlyCount "84"]
[EventDate "2004.01.21"]
[EventType "swiss"]
[EventRounds "13"]
[EventCountry "IND"]
[SourceTitle "CBM 098 Extra"]
[Source "ChessBase"]
[SourceDate "2004.03.10"]
[SourceVersion "2"]
[SourceVersionDate "2004.03.10"]
[SourceQuality "1"]

1. e4 e5 2. Nf3 Nc6 3. Bb5 a6 4. Ba4 Nf6 5. 0-0 Be7 6. Re1 b5 7. Bb3 d6 8. c3 0-0 9. h3 Na5 10. Bc2 c5 11. d4 Qc7 12. Nbd2 Re8 13. Nf1 Nc6 14. dxe5 dxe5 15. Bg5 Be6 16. Bxf6 Bxf6 17. Ne3 Ne7 18. Qe2 g6 19. a4 b4 20. a5 b3 21. Bd3 Nc6 22. Bxa6 Nxa5 23. Qb5 Reb8 24. Qxa5 Rb6 25. Nd5 Bxd5 26. exd5 Qd6 27. Bc4 Rxa5 28. Rxa5 Bd8 29. Nxe5 Bc7 30. f4 Qf6 31. g3 Bxe5 32. Rxe5 h5 33. h4 Rb7 34. Ra6 Qd8 35. d6 Kg7 36. Rxc5 Rb6 37. Ra7 Rxd6 38. Rxf7+ Kh6 39. Rcc7 Rd1+ 40. Bf1 Rxf1+ 41. Kxf1 Qd1+ 42. Kf2 Qd2+ 1/2-1/2

[Event "Chennai WinTV op 1st"]
[Site "Chennai"]
[Date "2004.01.27"]
[Round "8"]
[White "Roy Chowdhury, Saptarshi"]
[Black "Kesavananda, Krishna Chitrada"]
[Result "0-1"]
[WhiteElo "2400"]
[BlackElo "2196"]
[PlyCount "128"]
[EventDate "2004.01.21"]
[EventType "swiss"]
[EventRounds "13"]
[EventCountry "IND"]
[SourceTitle "CBM 098 Extra"]
[Source "ChessBase"]
[SourceDate "2004.03.10"]
[SourceVersion "2"]
[SourceVersionDate "2004.03.10"]
[SourceQuality "1"]

1. e4 c5 2. Nf3 Nc6 3. Nc3 d6 4. Bc4 Nf6 5. 0-0 g6 6. h3 Bg7 7. d3 0-0 8. Bf4 Be6 9. Qd2 d5 10. exd5 Nxd5 11. Bh6 Nd4 12. Nxd4 cxd4 13. Ne2 Nc7 14. Bxg7 Kxg7 15. Rad1 b5 16. Bxe6 Nxe6 17. c4 dxc3 18. Qxc3+ Kg8 19. d4 Nc7 20. d5 Nxd5 21. Qb3 e6 22. Nf4 a6 23. Nxd5 exd5 24. Rxd5 Qf6 25. Rfd1 Rad8 26. Qb4 Rxd5 27. Rxd5 Rd8 28. Qc3 Qe7 29. Qe3 Qf6 30. Qc3 Qe7 31. Re5 Rd1+ 32. Kh2 Qd6 33. Qg3 Kg7 34. Re2 Qf6 35. a3 Rb1 36. Qb3 Qd6+ 37. Qg3 Qf6 38. b4 Rb2 39. Rxb2 Qxb2 40. Qe3 Qf6 41. f4 Qc6 42. Kg3 h5 43. Qe5+ Kg8 44. f5 Kh7 45. f6 Qc4 46. Qe7 g5 47. Kh2 Kg6 48. Qd8 Qf4+ 49. Kg1 Qxf6 50. Qd3+ Qf5 51. Qd6+ Qe6 52. Qd3+ f5 53. Qd8 g4 54. h4 Qe1+ 55. Kh2 Qe5+ 56. Kg1 f4 57. Qg8+ Kf5 58. Qh7+ Ke6 59. Kf1 Qa1+ 60. Ke2 Qe5+ 61. Kd2 Kd5 62. Qf7+ Kd4 63. Kc2 Qe2+ 64. Kb1 Qf1+ 0-1

[Event "Chennai WinTV op 1st"]
[Site "Chennai"]
[Date "2004.01.22"]
[Round "3"]
[White "Kesavananda, Krishna Chitrada"]
[Black "Sareen, Vishal"]
[Result "0-1"]
[WhiteElo "2196"]
[BlackElo "2371"]
[PlyCount "80"]
[EventDate "2004.01.21"]
[EventType "swiss"]
[EventRounds "13"]
[EventCountry "IND"]
[SourceTitle "CBM 098 Extra"]
[Source "ChessBase"]
[SourceDate "2004.03.10"]
[SourceVersion "2"]
[SourceVersionDate "2004.03.10"]
[SourceQuality "1"]

1. Nf3 Nf6 2. c4 g6 3. g3 Bg7 4. Bg2 0-0 5. d4 c6 6. 0-0 d5 7. Nbd2 dxc4 8. Nxc4 Be6 9. Qc2 Nbd7 10. Ng5 Bd5 11. e4 Bxc4 12. Qxc4 h6 13. Nh3 e5 14. dxe5 Nxe5 15. Qc2 Qd3 16. Qxd3 Nxd3 17. Nf4 Nxc1 18. Raxc1 Rad8 19. Rfd1 Ng4 20. Nd3 Bd4 21. h3 Nf6 22. Rc2 Rfe8 23. Re1 Bb6 24. Rc3 Rd4 25. e5 Ba5 26. exf6 Rxe1+ 27. Nxe1 Bxc3 28. bxc3 Ra4 29. Nd3 Rxa2 30. Ne5 Rd2 31. Bf1 Rd6 32. Bc4 Rxf6 33. Ng4 Rd6 34. Nxh6+ Kg7 35. Ng4 Rd1+ 36. Kg2 Rc1 37. Ne3 b5 38. Ba2 Rxc3 39. h4 b4 40. g4 b3 0-1

[Event "Commonwealth-ch"]
[Site "Mumbai"]
[Date "2003.04.23"]
[Round "6"]
[White "Konguvel, Ponnuswamy"]
[Black "Kesavananda, Krishna Chitrada"]
[Result "1-0"]
[WhiteElo "2331"]
[BlackElo "2161"]
[PlyCount "69"]
[EventDate "2003.04.20"]
[EventType "swiss"]
[EventRounds "10"]
[EventCountry "IND"]
[SourceTitle "CBM 093 Extra"]
[Source "ChessBase"]
[SourceDate "2003.05.09"]
[SourceVersion "1"]
[SourceVersionDate "2003.05.09"]
[SourceQuality "1"]

1. e4 c5 2. Nf3 Nc6 3. d4 cxd4 4. Nxd4 Nf6 5. Nc3 d6 6. Bg5 Bd7 7. Qd2 Rc8 8. 0-0-0 Nxd4 9. Qxd4 Qa5 10. Bd2 e5 11. Qd3 a6 12. f3 b5 13. Nxb5 Qxa2 14. Qa3 Qxa3 15. Nxa3 Rc6 16. Nc4 Be7 17. Bb4 Be6 18. Nxd6+ Kf8 19. Ba3 g6 20. Be2 Kg7 21. Rd2 Rb8 22. Rhd1 Bf8 23. c4 Kg8 24. Kb1 Rb3 25. Rd3 Rb8 26. c5 Nd7 27. Rc3 h5 28. Rdd3 Be7 29. Bd1 Rc7 30. Ba4 Rd8 31. Kc2 Rb8 32. b4 Rd8 33. Bb3 Nf8 34. Nc4 Nd7 35. Ne3 1-0